Política y plan nacional de prevención y control de drogas
Kaydedildi:
| Müşterek Yazar: | |
|---|---|
| Materyal Türü: | Kitap |
| Dil: | İspanyolca |
| Baskı/Yayın Bilgisi: |
Santiago
Ministerio del Interior
1993
|
| Konular: | |
| Etiketler: |
Etiketle
Etiket eklenmemiş, İlk siz ekleyin!
|
MARC
| LEADER | 00000nam a2200000 a 4500 | ||
|---|---|---|---|
| 001 | UCY7899 | ||
| 003 | CL-VaPUC | ||
| 008 | 950623e19930500CL |||||||||||||||||spa|d | ||
| 082 | 0 | 4 | |a 362.29 |b CON |2 21 |
| 110 | 2 | |a Consejo Nacional para el Control de Estupefacientes |e author |9 338793 | |
| 245 | 1 | 0 | |a Política y plan nacional de prevención y control de drogas |
| 300 | |a 49 p | ||
| 942 | |c BK | ||
| 945 | |d 19950623 00:00:00 |a mfernand | ||
| 260 | |a Santiago |b Ministerio del Interior |c 1993 | ||
| 650 | 7 | |a TOXICOMANIA |2 CL-VaPUC |9 307600 | |
| 650 | 0 | |a Drogas |9 254877 | |
| 650 | 0 | |a Adicción |9 337026 | |
| 650 | 7 | |a LUCHA CONTRA LA TOXICOMANIA |2 CL-VaPUC |9 338794 | |
| 650 | 7 | |a EDUCACION ANTIDROGADICCION |2 CL-VaPUC |9 331652 | |
| 650 | 7 | |a TRAFICO DE DROGAS Y NARCOTICOS |2 CL-VaPUC |9 258053 | |
| 651 | 7 | |a CHILE |2 CL-VaPUC |9 338795 | |
| 583 | |a last modification |c 19950623 00:00:00 |k Rodrigo Vera | ||
| 999 | |c 235196 |d 235194 | ||
| 952 | |0 0 |1 0 |4 0 |6 362_290000000000000_CON_1993 |7 0 |8 A |9 242432 |a BIBEDU |b BIBEDU |c ES_NOD |d 2019-11-18 |i 1520628 |o 362.29 CON 1993 |p 1520628 |r 2023-08-09 |w 2019-11-18 |y BK |k EDU | ||
| 952 | |0 0 |1 0 |4 0 |6 362_290000000000000_CON_1993 |7 0 |8 A |9 242433 |a BIBEDU |b BIBEDU |c ES_NOD |d 2019-11-18 |i 154070K |o 362.29 CON 1993 |p 154070K |r 2023-08-09 |w 2019-11-18 |y BK |k EDU | ||